Fertilizers, crop quality and economy : (Record no. 15030)
[ view plain ]
| 000 -LEADER | |
|---|---|
| fixed length control field | 01697cam a2200361 p 4500 |
| 001 - CONTROL NUMBER | |
| control field | 15030 |
| 003 - CONTROL NUMBER IDENTIFIER | |
| rucl marc code | BD-RjUL |
| 005 - DATE AND TIME OF LATEST TRANSACTION | |
| control field | 20211208235733.0 |
| 008 - FIXED-LENGTH DATA ELEMENTS--GENERAL INFORMATION | |
| fixed length control field | 140209s1974 ne a b 100 0 eng |
| 020 ## - INTERNATIONAL STANDARD BOOK NUMBER | |
| International Standard Book Number | 0444412778 (New York) : |
| 035 ## - SYSTEM CONTROL NUMBER | |
| System control number | (BD-RjUL)15084 |
| 040 ## - CATALOGING SOURCE | |
| Original cataloging agency | DLC |
| Transcribing agency | DLC |
| Modifying agency | DLC |
| -- | BD-RjUL |
| Language of cataloging | eng |
| 041 0# - LANGUAGE CODE | |
| Language code of text/sound track or separate title | engfre |
| 082 00 - DEWEY DECIMAL CLASSIFICATION NUMBER | |
| Classification number | 631.81 |
| Author mark and year | FER |
| 111 2# - MAIN ENTRY--MEETING NAME | |
| Meeting name or jurisdiction name as entry element | Study Week on the Use of Fertilizers and their Effect on Crop Growth, with Emphasis on Quality and Economy, |
| Location of meeting | Vatican City, |
| Date of meeting | 1972. |
| 9 (RLIN) | 46805 |
| 245 10 - TITLE STATEMENT | |
| Title | Fertilizers, crop quality and economy : |
| Remainder of title | proceedings of a Study Week on the Use of Fertilizers and their Effect on Crop Growth, with Emphasis on Quality and Economy, April 10th-16th, 1972 / |
| Statement of responsibility, etc. | edited by V. Hernando Fernández. |
| 260 ## - PUBLICATION, DISTRIBUTION, ETC. (IMPRINT) | |
| Place of publication, distribution, etc. | Amsterdam : |
| Name of publisher, distributor, etc. | Elsevier ; |
| Place of publication, distribution, etc. | New York : |
| Name of publisher, distributor, etc. | American Elsevier Pub. Co., |
| Date of publication, distribution, etc. | 1974. |
| 300 ## - PHYSICAL DESCRIPTION | |
| Pagination | li, 1415 p. : |
| Illustrations | ill. ; |
| Size | 24 cm. |
| 490 1# - SERIES STATEMENT | |
| Series statement | Pontificiae Academiae Scientiarum Scripta varia ; 38 |
| 500 ## - GENERAL NOTE | |
| General note | English or French. |
| General note | Added t.p.: Semaine d'étude sur le thème l'Emploi des fertilisants et leur effet sur l'accroissement des récoltes, notamment par rapport à la qualité et à l'économie. |
| General note | Held by the Pontifical Academy of Science at its headquarters in Vatican City. |
| 504 ## - BIBLIOGRAPHY, ETC. NOTE | |
| Bibliography, etc | Includes bibliographical references. |
| 650 #0 - SUBJECT ADDED ENTRY--TOPICAL TERM | |
| Topical term or geographic name as entry element | Fertilizers |
| General subdivision | Congresses. |
| 9 (RLIN) | 46790 |
| Topical term or geographic name as entry element | Crop yields |
| General subdivision | Congresses. |
| 9 (RLIN) | 46791 |
| 700 2# - ADDED ENTRY--PERSONAL NAME | |
| Personal name | Hernando Fernandez, V. |
| 710 2# - ADDED ENTRY--CORPORATE NAME | |
| Corporate name or jurisdiction name as entry element | Pontificia Accademia delle scienze. |
| 9 (RLIN) | 46794 |
| 830 #0 - SERIES ADDED ENTRY--UNIFORM TITLE | |
| Volume number/sequential designation | 38. |
| 830 #0 - SERIES ADDED ENTRY--UNIFORM TITLE | |
| Uniform title | Pontificiae Academiae Scientiarum scripta varia ; |
| 942 ## - ADDED ENTRY ELEMENTS (KOHA) | |
| Source of classification or shelving scheme | Dewey Decimal Classification |
| Koha item type | Books |
| Lost status | Source of classification or shelving scheme | Damaged status | Not for loan | Collection code | Permanent Location | Current Location | Shelving location | Date acquired | Source of acquisition | Cost, normal purchase price | Total Checkouts | Full call number | Date last seen | Copy number | Koha item type |
|---|---|---|---|---|---|---|---|---|---|---|---|---|---|---|---|
| Dewey Decimal Classification | Not For Loan | Non-fiction | Central Library, University of Rajshahi | Central Library, University of Rajshahi | Reading Room | 03/11/1980 | Neatherland gift | 0.00 | 631.81 FER 1974 | 09/02/2014 | C-1 | Books |